Chinese Subdivision Abbreviation 中國省市簡稱 - Statistics

General Stats
  • This quiz has been taken 65 times
  • The average score is 27 of 34
Answer Stats
Hint Answer % Correct
Beijing 北京 Jīng 京
96%
Jilin 吉林 Jí 吉
94%
Tianjin 天津 Jīn 津
94%
Shanghai 上海 Hù 滬/沪 or Shēn 申
87%
Taiwan 台灣/台湾 Tái 台
87%
Sichuan 四川 Chuān 川 or Shǔ 蜀
85%
Heilongjiang 黑龍江/黑龙江 Hēi 黑
85%
Liaoning 遼寧/辽宁 Liáo 遼/辽
85%
Gansu 甘肅/甘肃 Gān 甘 or Lǒng 隴/陇
83%
Hebei 河北 Jì 冀
83%
Zhejiang 浙江 Zhè 浙
83%
Shanxi 山西 Jìn 晉/晋
81%
Ningxia 寧夏/宁夏 Níng 寧/宁
81%
Chongqing 重慶/重庆 Yú 渝
81%
Macau 澳門/澳门 Ào 澳 or Háo 濠
80%
Jiangxi 江西 Gàn 贛/赣
80%
Guizhou 貴州/贵州 Guì 貴/贵 or Qián 黔
80%
Inner Mongolia 內蒙古 Měng 蒙
80%
Shaanxi 陝西/陕西 Shǎn 陝/陕 or Qín 秦
80%
Jiangsu 江蘇/江苏 Sū 蘇/苏
80%
Yunnan 雲南/云南 Yún 雲/云 or Diān 滇
80%
Hong Kong 香港 Gǎng 港
78%
Guangxi 廣西/广西 Guì 桂
76%
Xinjiang 新疆 Xīn 新
74%
Henan 河南 Yù 豫
74%
Tibet 西藏 Zàng 藏
74%
Fujian 福建 Mǐn 閩/闽
72%
Shandong 山東/山东 Lǔ 魯/鲁
70%
Qinghai 青海 Qīng 靑
70%
Hunan 湖南 Xiāng 湘
69%
Guangdong 廣東/广东 Yuè 粵/粤
69%
Hubei 湖北 È 鄂
61%
Hainan 海南 Qióng 瓊/琼
59%
Anhui 安徽 Wǎn 皖
54%
No matching quizzes found
Score Distribution
Percent of People with Each Score
Percentile by Number Answered
Your Score History
You have not taken this quiz